[Event "Medellin Raza Antioquia"]
[Site "Medellin"]
[Date "2024.10.10"]
[Round "1"]
[White "Luna Monsalve, Sofia"]
[Black "Llano Buritica, Eduardo Alejandro"]
[Result "0-1"]
[WhiteElo "1815"]
[BlackElo "2011"]
[PlyCount "55"]
[EventDate "2024.10.10"]
[EventType "swiss"]
[EventRounds "9"]
[EventCountry "COL"]
[SourceTitle "CB43_2024"]
[Source "Chessbase"]
[SourceDate "2024.10.23"]
[SourceVersion "1"]
[SourceVersionDate "2024.10.23"]
[SourceQuality "1"]

1. d4 g6 2. c4 Bg7 3. Nc3 c5 4. d5 Bxc3+ 5. bxc3 f5 6. Nf3 Nf6 7. Bf4 d6 8. e3 Qa5 9. Qc2 Nbd7 10. Bd3 Nb6 11. 0-0 Bd7 12. Rac1 0-0-0 13. Qe2 h6 14. e4 fxe4 15. Bxe4 g5 16. Bg3 Nxe4 17. Qxe4 Rde8 18. Qe2 Qa6 19. Nd2 Nxd5 20. Qe4 Nf6 21. Qe2 h5 22. h3 h4 23. Bh2 g4 24. hxg4 h3 25. f3 hxg2 26. Kxg2 Qc6 27. Kg1 Reg8 28. Bg3 0-1

[Event "Medellin Castro Memorial op-A 31st"]
[Site "Medellin"]
[Date "2024.08.11"]
[Round "10"]
[White "Guarin Fonseca, Nobel Alfredo"]
[Black "Llano Buritica, Eduardo Alejandro"]
[Result "1-0"]
[WhiteElo "2033"]
[BlackElo "2001"]
[PlyCount "85"]
[EventDate "2024.08.07"]
[EventType "swiss"]
[EventRounds "10"]
[EventCountry "COL"]
[SourceTitle "CBM 221 Extra"]
[Source "ChessBase"]
[SourceDate "2024.09.30"]
[SourceVersion "1"]
[SourceVersionDate "2024.09.30"]
[SourceQuality "1"]

1. d4 d5 2. Nf3 e6 3. c4 c5 4. cxd5 exd5 5. e3 Nf6 6. Be2 Nc6 7. 0-0 Bd6 8. dxc5 Bxc5 9. Nc3 0-0 10. b3 Bf5 11. Bb2 Rc8 12. Rc1 Bd6 13. Nb5 Bb8 14. Nbd4 Bg6 15. Nxc6 Rxc6 16. Qd4 Qd6 17. Qa4 Rfc8 18. Rxc6 bxc6 19. Be5 Qc5 20. Bd4 Qe7 21. Ba6 Rd8 22. Qxc6 Ne4 23. Qb7 Qa3 24. Ne5 Bxe5 25. Bxe5 Qxa2 26. b4 f6 27. Bd4 Nd2 28. Qc7 Re8 29. Ra1 Qb3 30. Qc3 Qxc3 31. Bxc3 Ne4 32. Bd4 Rb8 33. b5 Nd6 34. Bxa7 Rxb5 35. Bxb5 Nxb5 36. Bc5 Bd3 37. g4 Be4 38. Ra8+ Kf7 39. f4 Kg6 40. Rg8 Kf7 41. Rb8 Nc3 42. f5 Bf3 43. Rf8# 1-0

[Event "Medellin Castro Memorial op-A 31st"]
[Site "Medellin"]
[Date "2024.08.09"]
[Round "6"]
[White "Ortiz Lopera, Miguel Angel"]
[Black "Llano Buritica, Eduardo Alejandro"]
[Result "1-0"]
[WhiteElo "2040"]
[BlackElo "2001"]
[PlyCount "61"]
[EventDate "2024.08.07"]
[EventType "swiss"]
[EventRounds "10"]
[EventCountry "COL"]
[SourceTitle "CBM 221 Extra"]
[Source "ChessBase"]
[SourceDate "2024.09.30"]
[SourceVersion "1"]
[SourceVersionDate "2024.09.30"]
[SourceQuality "1"]

1. e4 e5 2. Nf3 Nc6 3. Bc4 Bc5 4. c3 Nf6 5. d3 0-0 6. b4 Be7 7. 0-0 d5 8. exd5 Nxd5 9. Re1 Nb6 10. Bb3 Bg4 11. h3 Bh5 12. b5 Na5 13. Rxe5 Bg6 14. Rxe7 Qxe7 15. Ba3 Qd7 16. Bxf8 Rxf8 17. Nd4 Nd5 18. Qd2 b6 19. Na3 Re8 20. Nc4 Nb7 21. Nc6 Nc5 22. N4e5 Qd6 23. Re1 Bf5 24. Bxd5 Qxd5 25. Ng6 hxg6 26. Rxe8+ Kh7 27. Qg5 Be6 28. Qh4+ Qh5 29. Qd8 Qd1+ 30. Kh2 Nxd3 31. Rh8# 1-0

[Event "Medellin op"]
[Site "Medellin"]
[Date "2024.04.13"]
[Round "4"]
[White "Lopez Cardona, Diego"]
[Black "Llano Buritica, Eduardo Alejandro"]
[Result "0-1"]
[WhiteElo "1908"]
[BlackElo "1948"]
[PlyCount "44"]
[EventDate "2024.04.10"]
[EventType "swiss"]
[EventRounds "7"]
[EventCountry "COL"]
[SourceTitle "EXT 2025"]
[Source "ChessBase"]
[SourceDate "2024.10.14"]
[SourceVersion "1"]
[SourceVersionDate "2024.10.14"]
[SourceQuality "1"]

1. e4 g6 2. d4 Bg7 3. Nf3 d6 4. c3 Nf6 5. Bd3 0-0 6. 0-0 Nbd7 7. Nbd2 e5 8. Qc2 Nh5 9. Rd1 Nf4 10. Bc4 Qf6 11. Nf1 Nb6 12. Ne3 Nxg2 13. Nxg2 Nxc4 14. Rd3 Bg4 15. Bg5 Qe6 16. b3 Nb6 17. dxe5 dxe5 18. Nd2 f5 19. Ne3 f4 20. Nd5 Nxd5 21. exd5 Qf5 22. Bxf4 Qxf4 0-1

[Event "Medellin Raza Cup"]
[Site "Medellin"]
[Date "2022.10.21"]
[Round "6"]
[White "Llano Buritica, Eduardo Alejandro"]
[Black "Carrasco Jacome, Bryan Ricardo"]
[Result "0-1"]
[WhiteElo "1938"]
[BlackElo "2118"]
[PlyCount "148"]
[EventDate "2022.10.19"]
[EventType "swiss"]
[EventRounds "10"]
[EventCountry "COL"]
[SourceTitle "EXT 2024"]
[Source "ChessBase"]
[SourceDate "2023.10.10"]
[SourceVersion "1"]
[SourceVersionDate "2023.10.10"]
[SourceQuality "1"]

1. d4 c5 2. e3 Nf6 3. c4 cxd4 4. exd4 d5 5. Nc3 e6 6. Nf3 Be7 7. c5 b6 8. Bb5+ Bd7 9. Bxd7+ Nfxd7 10. cxb6 Qxb6 11. 0-0 0-0 12. b3 Nc6 13. Bb2 Rfc8 14. Na4 Qa6 15. Ne5 Ncxe5 16. dxe5 Nc5 17. Ba3 Bf8 18. Bxc5 Bxc5 19. Kh1 Bf8 20. h4 Rc6 21. h5 Rac8 22. g3 Rc2 23. Kg2 Ba3 24. Re1 Qa5 25. Re2 R2c6 26. Qd3 Qb4 27. Rh1 Qb7 28. f3 Qc7 29. g4 Rc2 30. Rd1 Bb4 31. Rf1 Rxe2+ 32. Qxe2 Be7 33. Qe3 h6 34. Rf2 Bc5 35. Nxc5 Qxc5 36. Qxc5 Rxc5 37. f4 Kf8 38. Kg3 Rc3+ 39. Kh4 Ke7 40. g5 Rc1 41. Rg2 Rh1+ 42. Kg4 Kd7 43. Rc2 Rg1+ 44. Kh4 Rd1 45. Kg3 d4 46. g6 fxg6 47. hxg6 h5 48. Kf3 h4 49. Rh2 Kc6 50. Ke2 Rg1 51. Rxh4 Kd5 52. Kf3 Rf1+ 53. Ke2 Ra1 54. Kd3 Rg1 55. Rh8 Rg3+ 56. Ke2 Ke4 57. Rd8 Rxg6 58. Rd6 Rh6 59. Kd2 Rh2+ 60. Kc1 Ke3 61. Rxe6 Rh1+ 62. Kb2 Rh2+ 63. Ka3 d3 64. Rd6 d2 65. e6 Rh8 66. e7 Re8 67. Re6+ Kxf4 68. Rd6 Ke3 69. Re6+ Kd3 70. Rd6+ Kc2 71. Rc6+ Kd1 72. Re6 g5 73. Kb4 g4 74. Kc3 Kc1 0-1

[Event "Medellin Raza Cup"]
[Site "Medellin"]
[Date "2022.10.20"]
[Round "3"]
[White "Caicedo Anguila, Juliana Andrea"]
[Black "Llano Buritica, Eduardo Alejandro"]
[Result "1/2-1/2"]
[WhiteElo "1698"]
[BlackElo "1938"]
[PlyCount "102"]
[EventDate "2022.10.19"]
[EventType "swiss"]
[EventRounds "10"]
[EventCountry "COL"]
[SourceTitle "EXT 2024"]
[Source "ChessBase"]
[SourceDate "2023.10.10"]
[SourceVersion "1"]
[SourceVersionDate "2023.10.10"]
[SourceQuality "1"]

1. d4 f5 2. e4 fxe4 3. Nc3 Nf6 4. Bg5 Nc6 5. Bb5 a6 6. Bxc6 bxc6 7. Bxf6 exf6 8. Nxe4 Qe7 9. Qh5+ g6 10. Qe2 f5 11. Nd2 Bg7 12. c3 Rb8 13. Qxe7+ Kxe7 14. 0-0-0 d6 15. Ngf3 h6 16. Kc2 Be6 17. b3 Kf7 18. Rhe1 Bf6 19. Ng1 h5 20. Ne2 g5 21. Nc1 h4 22. Nd3 a5 23. f3 Ra8 24. Ra1 Rhb8 25. a4 Bd5 26. Re2 Be6 27. Rae1 Bd7 28. Nc4 Rf8 29. Nde5+ dxe5 30. dxe5 f4 31. e6+ Ke7 32. exd7+ Kxd7 33. Ne5+ Kc8 34. Nxc6 Kb7 35. Ne5 Rg8 36. h3 Rad8 37. Nc4 Rd5 38. Rd2 Rf5 39. Red1 Re8 40. Rd7 Kc6 41. R1d2 Be7 42. R7d3 Bf6 43. Na3 Re1 44. Rd1 Re2+ 45. R1d2 Re1 46. Rd1 Re2+ 47. R1d2 Re1 48. Nb5 Be5 49. Rd5 Bf6 50. R5d3 Be5 51. Rd5 Bf6 1/2-1/2

[Event "Medellin U2000 op"]
[Site "Medellin"]
[Date "2022.05.21"]
[Round "5"]
[White "Llano Buritica, Eduardo Alejandro"]
[Black "Molina Ballesteros, Juan Sebastian"]
[Result "1-0"]
[WhiteElo "1936"]
[BlackElo "1647"]
[PlyCount "67"]
[EventDate "2022.05.18"]
[EventType "swiss"]
[EventRounds "7"]
[EventCountry "COL"]
[SourceTitle "CBM 208 Extra"]
[Source "ChessBase"]
[SourceDate "2022.07.31"]
[SourceVersion "1"]
[SourceVersionDate "2022.07.31"]
[SourceQuality "1"]

1. d4 Nf6 2. c4 e6 3. Nc3 Bb4 4. Qc2 Bxc3+ 5. Qxc3 Ne4 6. Qc2 f5 7. e3 b6 8. Bd3 Bb7 9. Nh3 0-0 10. 0-0 Na6 11. a3 c5 12. f3 Nd6 13. Bd2 cxd4 14. exd4 Rc8 15. Qa4 Nb8 16. Bf4 Nf7 17. Qxa7 Bc6 18. d5 exd5 19. cxd5 Bxd5 20. Bxf5 Bc6 21. Bd3 d6 22. Ba6 Qc7 23. Qxc7 Rxc7 24. Bc4 Rd8 25. Ng5 Be8 26. Rac1 Rxc4 27. Rxc4 Bb5 28. Nxf7 Rf8 29. Rc7 Na6 30. Ra7 Bxf1 31. Bxd6 Bc4 32. Bxf8 Kxf8 33. Ne5 Bb5 34. a4 1-0

[Event "Manizales op 27th"]
[Site "Manizales"]
[Date "2022.01.09"]
[Round "6"]
[White "Llano Buritica, Eduardo Alejandro"]
[Black "Nieto Medina, Agustin"]
[Result "0-1"]
[WhiteElo "1940"]
[BlackElo "2121"]
[PlyCount "48"]
[EventDate "2022.01.06"]
[EventType "swiss"]
[EventRounds "8"]
[EventCountry "COL"]
[SourceTitle "CBM 206 Extra"]
[Source "ChessBase"]
[SourceDate "2022.03.31"]
[SourceVersion "1"]
[SourceVersionDate "2022.03.31"]
[SourceQuality "1"]

1. d4 d5 2. c4 c6 3. Nf3 Nf6 4. Qb3 dxc4 5. Qxc4 b5 6. Qc2 e6 7. Bg5 Be7 8. e3 Bb7 9. Bd3 0-0 10. 0-0 h6 11. Bh4 Nbd7 12. Nbd2 a6 13. Ne4 Nxe4 14. Bxe7 Qxe7 15. Bxe4 f5 16. Bd3 c5 17. Qe2 c4 18. Bc2 e5 19. a4 e4 20. Nd2 Qb4 21. Rab1 Nf6 22. f3 Rae8 23. fxe4 Nxe4 24. Nf3 f4 0-1

[Event "COL Subzt 2.3.4"]
[Site "Risarald"]
[Date "2021.11.24"]
[Round "3"]
[White "Llano Buritica, Eduardo Alejandro"]
[Black "Garzon Camelo, Andres Santiago"]
[Result "1-0"]
[WhiteElo "1951"]
[BlackElo "1685"]
[PlyCount "99"]
[EventDate "2021.11.23"]
[EventType "swiss"]
[EventRounds "9"]
[EventCountry "COL"]
[SourceTitle "CBM 205 Extra"]
[Source "ChessBase"]
[SourceDate "2022.01.31"]
[SourceVersion "1"]
[SourceVersionDate "2022.01.31"]
[SourceQuality "1"]

1. d4 d5 2. c4 e6 3. Nc3 Nf6 4. cxd5 exd5 5. Bg5 Be6 6. Qb3 Nbd7 7. e3 Be7 8. Nf3 0-0 9. Be2 Ne4 10. Bxe7 Qxe7 11. 0-0 Nb6 12. Qc2 f5 13. Ne5 Rac8 14. Nd3 c5 15. dxc5 Nd7 16. Rad1 Ndxc5 17. Bf3 Nxd3 18. Rxd3 f4 19. exf4 Rxf4 20. Re1 Qb4 21. g3 Rff8 22. Qe2 Rce8 23. Nxe4 dxe4 24. Bxe4 Bc4 25. Qd2 Qxd2 26. Rxd2 Bxa2 27. Re3 b6 28. Rd7 a5 29. f3 Bf7 30. Red3 Be6 31. R7d6 Bh3 32. R3d4 b5 33. R6d5 Rb8 34. Rh5 Be6 35. Bxh7+ Kf7 36. Bd3 Rfd8 37. Rf4+ Ke7 38. Be2 Rd2 39. Re4 Rxb2 40. Rhe5 Rb6 41. f4 Kf6 42. g4 Bd7 43. g5+ Kg6 44. Bd3 Kh5 45. Re3 Rd6 46. Re7 Kg4 47. Rf7 Be6 48. Rg3+ Kh5 49. Rxg7 Bf5 50. g6 1-0

[Event "COL Subzt 2.3.4"]
[Site "Risarald"]
[Date "2021.11.23"]
[Round "1"]
[White "Llano Buritica, Eduardo Alejandro"]
[Black "Hoyos, Robinson"]
[Result "1-0"]
[WhiteElo "1951"]
[BlackElo "1528"]
[PlyCount "45"]
[EventDate "2021.11.23"]
[EventType "swiss"]
[EventRounds "9"]
[EventCountry "COL"]
[SourceTitle "CBM 205 Extra"]
[Source "ChessBase"]
[SourceDate "2022.01.31"]
[SourceVersion "1"]
[SourceVersionDate "2022.01.31"]
[SourceQuality "1"]

1. d4 d5 2. c4 Nf6 3. cxd5 Nxd5 4. e4 Nf6 5. Nc3 e6 6. Nf3 h6 7. Be3 Bd7 8. Qc2 a6 9. Rd1 Bb4 10. Bd3 Bxc3+ 11. bxc3 Ng4 12. Bc1 0-0 13. e5 Bc6 14. h3 Bxf3 15. gxf3 Nxf2 16. Qxf2 Qd5 17. Rg1 Kh8 18. Qg3 Rg8 19. Bxh6 g6 20. Qh4 Qxf3 21. Be2 Qxc3+ 22. Bd2+ Kg7 23. Qh6# 1-0

[Event "COL-ch Cat B/C U2200"]
[Site "Medellin"]
[Date "2021.06.13"]
[Round "5"]
[White "Ospina Castro, Santiago"]
[Black "Llano Buritica, Eduardo Alejandro"]
[Result "1-0"]
[WhiteElo "1947"]
[BlackElo "1941"]
[PlyCount "131"]
[EventDate "2021.06.10"]
[EventType "swiss"]
[EventRounds "7"]
[EventCountry "COL"]
[SourceTitle "EXT 2022"]
[Source "ChessBase"]
[SourceDate "2021.10.06"]
[SourceVersion "1"]
[SourceVersionDate "2021.10.06"]
[SourceQuality "1"]

1. Nf3 f5 2. b3 Nf6 3. Bb2 e6 4. c4 Be7 5. g3 b6 6. Bg2 Bb7 7. 0-0 0-0 8. d4 Ne4 9. Nc3 d6 10. Nd2 Nxc3 11. Bxc3 Bxg2 12. Kxg2 Bf6 13. e4 Nd7 14. exf5 exf5 15. Qc2 g6 16. Nf3 Qe7 17. Rae1 Qg7 18. Bd2 Rfe8 19. d5 Nc5 20. Be3 Ne4 21. Qd3 Re7 22. Nd4 Nc5 23. Qd1 a5 24. Nc6 Ree8 25. Bxc5 Rxe1 26. Rxe1 bxc5 27. a4 Kf8 28. Re6 g5 29. Qf3 f4 30. Qe4 Qf7 31. Qf5 Kg7 32. gxf4 gxf4 33. Qxf4 Rf8 34. Re3 Kh8 35. Rg3 Qh5 36. Qg4 Qh6 37. Qe6 Qf4 38. Rg4 Qd2 39. Qe3 Qc2 40. Qh6 Rf7 41. Qe3 Rf8 42. Rg3 Bh4 43. Qc3+ Qxc3 44. Rxc3 Rxf2+ 45. Kh3 Bf6 46. Re3 Rb2 47. Nxa5 Be5 48. Kg4 Kg7 49. Nc6 Bxh2 50. a5 Ra2 51. Kf5 h5 52. Kg5 Be5 53. Kxh5 Kf6 54. Rf3+ Kg7 55. Kg5 Bf6+ 56. Rxf6 Rg2+ 57. Kf5 Rf2+ 58. Ke6 Rxf6+ 59. Kd7 Rf3 60. a6 Rxb3 61. a7 Ra3 62. Kxc7 Kf6 63. Kxd6 Kf5 64. Kxc5 Ra2 65. Kb6 Ke4 66. Na5 1-0

[Event "Medellin Luces op"]
[Site "Medellin"]
[Date "2020.12.14"]
[Round "5"]
[White "Llano Buritica, Eduardo Alejandro"]
[Black "Luna Monsalve, Sofia"]
[Result "1-0"]
[WhiteElo "1955"]
[BlackElo "1167"]
[PlyCount "60"]
[EventDate "2020.12.12"]
[EventType "swiss"]
[EventRounds "7"]
[EventCountry "COL"]
[SourceTitle "CBM 199 Extra"]
[Source "ChessBase"]
[SourceDate "2021.01.31"]
[SourceVersion "1"]
[SourceVersionDate "2021.01.31"]
[SourceQuality "1"]

1. d4 Nf6 2. c4 e5 3. dxe5 Ng4 4. Bf4 Nc6 5. Nf3 Bb4+ 6. Nbd2 Qe7 7. e3 0-0 8. Be2 Ngxe5 9. Nxe5 Nxe5 10. 0-0 d6 11. Nb3 Re8 12. a3 Bc5 13. Nd4 Ng6 14. Bg3 Qe4 15. Bf3 Qe7 16. b4 Bb6 17. Rc1 Ne5 18. Be2 a5 19. Nb3 axb4 20. axb4 Bf5 21. Ra1 Be6 22. Qc2 Nc6 23. Qc3 d5 24. c5 Ba7 25. Ra3 d4 26. Nxd4 Nxd4 27. exd4 b6 28. Bf3 bxc5 29. bxc5 Rab8 30. Rxa7 Rb3 1-0